| 000 | 00616nam a22001691i 4500 | ||
|---|---|---|---|
| 001 | 183705 | ||
| 003 | ES-MaACL | ||
| 005 | 20230906221945.0 | ||
| 008 | 140929s1914 sp |||| | spa d | ||
| 100 | 1 |
_aZurita y Gómez, José. _9155622 |
|
| 245 | 1 | 0 |
_aVías lagrimales y contribución al tratamiento de la dacriocistitis / _ctesis del doctorado de Don José Zurita y Gómez. |
| 260 |
_aAlgeciras : _b[s.n.], _c1914 ( _fTip. de Gamboa) |
||
| 300 |
_a26 p. ; _c20 cm. |
||
| 594 | _aPrecede al tít.: Universidad Central. Facultad de Medicina. | ||
| 650 | 4 |
_aDacriocistitis. _9155623 |
|
| 852 |
_aES-MaACL _jT-1447-F-4 |
||
| 999 |
_c183705 _d183705 |
||